000
00238nam a22001217a 4500
040
_c
SK
082
_a
641
100
_a
RAO M. A.
245
_a
Food rheology and texture
260
_a
USA
_b
RAO M. A.
_c
2005
300
_a
401p.
942
_c
EK
999
_c
8604
_d
8604